| 000 | 00586cam a22001457a 4500 | ||
|---|---|---|---|
| 008 | 180718b1999 xxu||||| |||| 00| 0 eng d | ||
| 082 | _aAPPPA 98-99 PUR/22 | ||
| 100 | _aPurkayastha, Saibal Kumar | ||
| 245 |
_aStudy of disciplinary proceedings in central government with a view to suggest alternative procedure _cby Saibal Kumar Purkayastha |
||
| 260 |
_aNew Delhi _bIndian Institute of Public Administration _c1999 |
||
| 300 | _a79p. | ||
| 500 | _aAn APPPA M.Phil. dissertation, 1998-99 (Guide: S.S. Singh) | ||
| 650 | _aAPPPA | ||
| 650 | _aIndia - Officials and employees - Discipline | ||
| 999 |
_c486897 _d486897 |
||